Implementing WebSphere Business Integration Express for Item Synchronization (Record no. 210585)
[ view plain ]
| 000 -LEADER | |
|---|---|
| fixed length control field | 01507nam a2200373Ia 4500 |
| 082 04 - DEWEY DECIMAL CLASSIFICATION NUMBER | |
| Classification number | 005.376 |
| 245 00 - TITLE STATEMENT | |
| Title | Implementing WebSphere Business Integration Express for Item Synchronization |
| 250 ## - EDITION STATEMENT | |
| Edition statement | 1st ed. |
| 260 ## - PUBLICATION, DISTRIBUTION, ETC. (IMPRINT) | |
| Place of publication | Research Triangle Park, N.C. : |
| Name of publisher | IBM, |
| Year of publication | c2004. |
| 300 ## - PHYSICAL DESCRIPTION | |
| Number of Pages | xiv, 270 p. : |
| Other physical details | ill. |
| 490 1# - SERIES STATEMENT | |
| Series statement | Redbooks |
| 500 ## - GENERAL NOTE | |
| General note | "This edition applies to version 4, release 3, of IBM WebSphere Business Integration Express for Item Synchronization." |
| General note | "May 2004." |
| 650 #0 - SUBJECT ADDED ENTRY--TOPICAL TERM | |
| Topical Term | Inventory control |
| Topical Term | Web servers |
| Topical Term | Software configuration management. |
| 700 1# - ADDED ENTRY--PERSONAL NAME | |
| Personal name | Gavin, Lee. |
| 856 40 - ELECTRONIC LOCATION AND ACCESS | |
| Uniform Resource Identifier | http://site.ebrary.com/lib/rucke/Doc?id=10112094 |
No items available.
